000 00781cam a22002532 4500
001 0000003098
005 20151217151915.0
008 070427s xx 000 0 eng d
020 _cKES 600
040 _aKABU
_cKABU
050 0 _aHJ3043
_b.S25 2001
100 1 _aSaleemi, Nisar Ahmad.
_@0000151299
245 1 0 _aTaxation I simplified /
_cNisar Ahmad Saleemi.
250 _a4th ed.
260 _aNairobi :
_bN. A. Saleemi
_c2001.
300 _a405 p. ;
_c21 cm.
500 _aA textbook for C. P. A., C. P. S. and K. A. T. C. taxation papers.
650 0 _aTaxation.
_@0000059278
650 0 _aTaxation
_zKenya.
_@0000152741
908 _a070427
950 _@1
999 _c6226
_d6226